header

Microsoft WSH and VBScript programming for the absolute beginner (Record no. 11977)

MARC details
000 -LEADER
fixed length control field 01244nam a2200325Ia 4500
100 1# - MAIN ENTRY--AUTHOR NAME
Personal name Ford, Jerry Lee.
245 10 - TITLE STATEMENT
Title Microsoft WSH and VBScript programming for the absolute beginner
250 ## - EDITION STATEMENT
Edition statement 3rd ed.
260 ## - PUBLICATION, DISTRIBUTION, ETC. (IMPRINT)
Place of publication Boston, MA :
Name of publisher Course Technology, PTR/CRM,
Year of publication c2009.
300 ## - PHYSICAL DESCRIPTION
Number of Pages xx, 460 p. :
Other physical details ill.
500 ## - GENERAL NOTE
General note Includes index.
650 #0 - SUBJECT ADDED ENTRY--TOPICAL TERM
Topical Term VBScript (Computer program language)
Topical Term Computer programming.
856 40 - ELECTRONIC LOCATION AND ACCESS
Uniform Resource Identifier http://site.ebrary.com/lib/rucke/Doc?id=10264164

No items available.

© 2026 Rongo University
Contact us: librarian | system librarian | Rongo university